00467nam a2200145 a 45000010005000000030009000050080041000140400028000550820015000832450097000982600036001953000015002314900045002466500030002914687CO-ViMGA141112s2004 ck r 000 u spa d aCO-ViMGAbspacCO-ViMGA04a928.6 B46910aAdolfo Bioy Casares : bpremio de literatura en lengua castellana "Miguel de Cervantes" 1990 aBarcelona : bAnthropos, c1991 a143 p : il aAmbitos literarios/premios cervantes, 1614aCASARES, ADOLFO BIOY 1914